000 00767nam a2200289Ia 4500
005 20260324140627.0
008 008 260324s9999 xx 000 0 eng d
020 _a9780429456282
037 _aEBOOK
040 _aCRL
040 _beng
040 _cCRL
041 _2eng
041 _aeng
084 _qCRL
100 _aGusztáv Báger; Miklós Szabó-Pelsóczi; Robert Raymond
_91205124
245 0 _aGlobal Monetary and Economic Convergence
245 0 _bOn the Occasion of the Fiftieth Anniversary of the Marshall Plan
260 _bTaylor and Francis
260 _c1998
365 _a
365 _b255
856 _uhttp://www.taylorfrancis.com/books/9780429456282
942 _cEBOOK
999 _c1807378
_d1807378